000 00791nam a22002777a 4500
001 0162
003 DO-SdBNP
005 20180126093429.0
007 0162
008 151005b 200 1995 cl 00| 0 spa d
040 _aBPMSU
_bspa
_cBPMSU
092 _aXXXX
_bXXXX
100 1 _aRenoir, Pierre Auguste
_d1841-1919
245 1 0 _aRenoir /
_cPierre Auguste Renoir ; traducción Constanza Malavert
260 _aColombia :
_bCinco,
_c1995.
300 _a15, [48] p :
_bil.
_c28 cm.
490 1 _aGrandes maestros de la pintura
500 _aEdición especial para quioscos
650 _a
_x
700 1 2 _aMalavert, Constanza
_etrad.
830 0 _aGrandes maestros de la pintura
910 _a144
942 _2ddc
_cBK
945 _aInventariado extranjero / 2018 VM
956 _aYngrid Lockward
999 _c9191
_d9191